| 000 | 00490nam a22001937a 4500 | ||
|---|---|---|---|
| 001 | 00028658 | ||
| 005 | 20260326165833.0 | ||
| 008 | 260326b ag ||||| |||| 00| 0 spa d | ||
| 020 | _a950951554 | ||
| 040 |
_bspa _cAR-CcCEOS |
||
| 080 | _a159.9 | ||
| 090 | _bSOL | ||
| 100 | 1 |
_aSoler, Colette _9937 |
|
| 245 |
_aEstudios sobre las psicosis / _cColette Soler |
||
| 260 |
_aArgentina : _bManantial, _c1989. |
||
| 300 |
_a170 p. ; _c24x15 cm. |
||
| 650 | 0 | _afilosofĂa | |
| 942 |
_2udc _cBK |
||
| 999 |
_c28691 _d28691 |
||
| 945 |
_a66467 _bMelina Rolando _c66467 _dMelina Rolando |
||